[Event "18th Aeroflot Open-A 2020"]
[Site "Moscow"]
[Date "2020.02.27"]
[Round "9.6"]
[White "Sarana, Alexey"]
[Black "Aleksandrov, Aleksej"]
[Result "0-1"]
[WhiteElo "2656"]
[BlackElo "2592"]
[Annotator "TA"]
[PlyCount "228"]
[EventDate "2020.02.19"]
[EventType "swiss"]
[EventCountry "RUS"]
[SourceTitle "playchess.com"]
[Source "ChessBase"]
[SourceQuality "1"]

{[%evp 19,228,0,2,0,4,0,12,14,17,-17,-16,-27,0,0,17,18,59,70,60,55,54,63,68,61,72,31,52,32,66,40,201,211,212,206,212,203,180,179,191,187,195,185,192,193,182,191,170,160,157,86,86,100,110,100,130,33,150,158,156,148,152,152,145,-283,-296,-283,-284,-321,-317,-313,-304,-314,-310,-310,-289,-286,-214,-239,-234,-232,-206,-177,-33,-104,-98,-233,-29,-187,-187,-193,-193,-202,-202,-536,-536,-536,-536,-536,-529,-529,-529,-529,-529,-529,-529,-529,-8,-529,-529,-529,-529,-529,-529,-529,-529,-12808,-510,-12811,-529,-12804,-12811,-12820,-549,-12819,-12816,-12829,-12832,-12832,-12834,-12827,-12831,-12847,-12847,-29947,-29949,-29948,-29950,-29949,-29951,-29953,-29955,-29956,-29952,-29957,-29956,-29955,-29955,-29954,-29956,-29955,-29955,-29954,-29957,-29957,-29958,-29956,-29959,-29957,-29957,-29958,-29957,-29962,-29964,-29961,-29963,-29959,-29961,-29961,-29962,-29960,-29962,-29959,-29954,-29965,-29950,-29960,-4137,-29967,-29968,-29968,-29966,-29966,-29967,-29967,-29968,-29968,-29969,-29967,-29970,-29969,-29970,-29969,-29971,-29970,-29971,-29971,-29970,-29995,-29969,-29986,-29973,-29991,-29983,-29972,-29971,-29972,-29974,-29995,-29971,-29996,-29997]} 1. g3 d5 2. Bg2 Nf6 3. Nf3 e6 4. O-O Be7 5. c4 O-O 6. b3 c5 7. Bb2 Nc6 8. e3 b6 9. Qe2 Bb7 10. d3 Re8 11. Nbd2 {[#] A14: English Opening: 1...e6 with b3 by White.} a5 $146 ({Predecessor:} 11... Bf8 12. Rfd1 e5 13. cxd5 Nxd5 14. a3 Qd7 15. Rac1 f6 16. Ne4 Na5 17. Qc2 Rac8 18. Ba1 Qf7 {½-½ (41) Jianu,V (2565)-Shengelia,D (2543) Warsaw 2013}) 12. a4 Bf8 13. Rad1 {The position is equal.} Nd7 14. Nh4 d4 15. f4 dxe3 16. Qxe3 Qc7 17. Ne4 {[%cal Bd2e4,Be4c3,Bc3b5][%mdl 32]} f5 18. Nc3 Rad8 19. Nb5 Qc8 20. h3 Ndb8 21. Rf2 Na6 22. g4 Nab4 23. Qg3 Qd7 24. Kh2 g6 $2 (24... Qf7 $14) 25. gxf5 $1 $18 exf5 {[#]} 26. Nxg6 $1 {[%mdl 512]} hxg6 27. Qxg6+ Bg7 28. Rg1 $1 {Bxg7 is the strong threat.} Re7 29. Bf6 Qe6 30. Bd5 $1 Rxd5 ({Avoid the trap} 30... Nxd5 $2 31. cxd5 Rxd5 32. Qh6 $18) 31. cxd5 Nxd5 32. Bxe7 {[%csl Gg1][%cal Rg6g7]} Qxg6 33. Rxg6 Ncxe7 34. Rg5 (34. Rd6 $142 $1) 34... Kf8 $16 35. Nd6 Ba6 36. Nxf5 Bf6 37. Rf3 (37. h4 $16) 37... Nb4 (37... Nc6 $1 $14) 38. Nxe7 Kxe7 39. Rg8 Bxd3 40. Rb8 $1 Bd4 41. Rxb6 $2 {[%mdl 8192]} (41. Rb7+ $1 $16 {and life is bright.} Kf8 42. Rxb6) 41... c4 $1 $19 42. Rb7+ Kd6 $1 43. Rg3 {Threatens to win with bxc4.} Be4 44. Rb5 c3 45. Rxc3 Bxc3 46. Rxa5 Bd5 47. h4 Bxb3 48. h5 Nd5 49. Ra6+ Kc5 50. h6 Nxf4 ({Better is} 50... Bc2 $19 {aiming for ...Nc7.} 51. Ra8 Be4) 51. Ra8 (51. h7 $15) 51... Be5 $1 $17 {White must now prevent ...Ne2+.} 52. Kg3 (52. h7 $17 Ng6+ 53. Kg1) 52... Bd1 $2 (52... Nd5+ $19 53. Kh4 Bc2 54. Rc8+ Bc7) 53. a5 $2 (53. h7 $11 Ng6+ 54. Kf2) 53... Ne6+ 54. Kf2 Nc7 $1 {[%cal Rc7a8]} 55. Rb8 Bc2 56. Kf3 $2 (56. Rg8 {is more resistant.}) 56... Bc3 $19 57. a6 Nxa6 58. Rc8+ Kb4 59. Kf4 Bd2+ 60. Ke5 Nc5 61. Kd5 Bb3+ 62. Kd4 {[#]} Bc3+ $1 ({Weaker is} 62... Ne6+ 63. Ke5 $17) 63. Ke3 {[#]} Bc2 $1 64. Rg8 Kc4 65. Rg4+ Kd5 66. Rh4 {intending h7.} Bh7 67. Kf4 Ke6 (67... Bd2+ $142 68. Kf3 Ke6) 68. Rh5 (68. Ke3 $142) 68... Ne4 69. Kf3 Bd2 70. Rh1 Nf6 71. Rh4 Bg5 72. Ra4 Bxh6 73. Ra6+ Ke5 74. Ra5+ Nd5 75. Ra4 Bc2 76. Rc4 Bd1+ 77. Kf2 Be3+ 78. Kg3 Nf6 79. Rc8 Ne4+ 80. Kg2 Be2 81. Rf8 Nf6 82. Kg3 Kf5 83. Rf7 Bc5 84. Kg2 Kg5 85. Rc7 Ne4 86. Rg7+ Kf4 87. Rf7+ Ke3 88. Rf5 Bd6 89. Rf7 Ng5 90. Rf6 Bf3+ 91. Kf1 Ne4 92. Re6 Bg4 93. Re8 Kf3 94. Ke1 Kf4 95. Kf1 Bf3 96. Rd8 Be7 97. Rb8 Bh4 (97... Kg3 $142 98. Rg8+ Bg4 99. Re8 Nd2+ 100. Ke1 Bb4 101. Re3+ Kh2 102. Rd3 Nc4+ 103. Kf1 Ba5 104. Kf2 Bc7 105. Kf1 Bb6 106. Ke1 Kg2 107. Rd2+ Nxd2 108. Kxd2 Kf3 109. Kd3 Bd7 110. Kc4 Ke4 111. Kc3 Bb5 112. Kb4 Ba6 113. Kc3 Ba5+ 114. Kc2 Bb5 115. Kb3 Kd3 116. Kb2 Bd2 117. Kb1 Kc3 118. Ka2 Bc1 119. Kb1 Kd2 120. Ka2 Kc2 121. Ka1 Bb2+ 122. Ka2 Bc4#) 98. Rb2 Bf6 {Black mates.} 99. Rb8 Ng3+ 100. Kf2 Bd4+ 101. Ke1 Bc3+ 102. Kf2 Ne4+ 103. Kf1 Kg3 104. Rg8+ Bg4 105. Re8 Nd2+ 106. Ke1 Nc4+ 107. Kf1 Bd2 108. Kg1 Ne3 109. Re7 Bh3 110. Kh1 Nf5 111. Re2 Bc1 112. Kg1 Nh4 113. Rc2 Nf3+ 114. Kh1 Bd2 {Accuracy: White = 60%, Black = 70%.} 0-1

[Event "18th Aeroflot Open-A 2020"]
[Site "Moscow"]
[Date "2020.02.27"]
[Round "9.8"]
[White "Sethuraman, S.P."]
[Black "Svane, Rasmus"]
[Result "1/2-1/2"]
[WhiteElo "2641"]
[BlackElo "2608"]
[Annotator "TA"]
[PlyCount "72"]
[EventDate "2020.02.19"]
[EventType "swiss"]
[EventCountry "RUS"]
[SourceTitle "playchess.com"]
[Source "ChessBase"]
[SourceQuality "1"]

{[%evp 13,72,16,25,12,1,4,3,5,5,0,0,0,1,3,2,0,8,6,11,0,8,6,3,5,10,6,0,8,10,7,0,0,10,0,0,0,0,0,0,0,0,0,20,20,18,20,20,16,22,14,26,27,27,27,42,12,12,6,3,0,0]} 1. e4 e5 2. Nf3 Nc6 3. Bb5 a6 4. Ba4 Nf6 5. O-O Be7 6. d3 b5 7. Bb3 d6 8. Bd2 {8.a3 is setting a new trend. C84: Closed Ruy Lopez: Unusual White 6th moves.} Bg4 9. c3 Na5 10. Bc2 c5 11. Bc1 O-O 12. h3 Bh5 13. Re1 {[#]} Qc7 $146 ({Predecessor:} 13... h6 14. Nbd2 Re8 15. Nf1 Bg6 16. g4 Nh7 17. Ng3 Ng5 18. Nxg5 Bxg5 19. Bxg5 Qxg5 {½-½ (42) Tiemann,H (2312)-Laurenc,P (2360) ICCF email 2018}) 14. Nbd2 {[%cal Bb1d2,Bd2f1,Bf1g3][%mdl 32]} Rad8 15. Nf1 d5 {[#] And now ...dxe4 would win.} 16. exd5 Rxd5 17. Ng3 Bg6 18. Qe2 {[%cal Rf3e5]} Re8 19. Nh4 ({Avoid the trap} 19. Nxe5 $2 Bd6 $19) 19... c4 20. dxc4 Nxc4 21. Nxg6 hxg6 22. a4 b4 23. b3 Na5 24. c4 Rdd8 25. Bb2 Bc5 26. Rad1 ({Don't go for} 26. Bxe5 $2 Qb6 $19) 26... Rxd1 27. Rxd1 Nc6 28. Ne4 Nxe4 29. Bxe4 Nd4 30. Bxd4 exd4 31. Qf3 Re6 32. Bd5 Rf6 33. Qd3 Qe5 34. a5 g5 {The position is equal.} 35. g3 g6 36. Kf1 Kg7 {Accuracy: White = 96%, Black = 100%.} 1/2-1/2

[Event "18th Aeroflot Open-A 2020"]
[Site "Moscow"]
[Date "2020.02.27"]
[Round "9.9"]
[White "Deac, Bogdan-Daniel"]
[Black "Idani, Pouya"]
[Result "1/2-1/2"]
[WhiteElo "2626"]
[BlackElo "2577"]
[Annotator "TA"]
[PlyCount "66"]
[EventDate "2020.02.19"]
[EventType "swiss"]
[EventCountry "RUS"]
[SourceTitle "playchess.com"]
[Source "ChessBase"]
[SourceQuality "1"]

{[%evp 9,66,9,4,10,11,11,11,12,14,4,14,10,15,0,0,0,17,30,47,35,22,11,16,18,35,8,20,0,2,-16,0,-9,-6,0,29,31,34,0,0,13,77,68,82,0,0,0,0,16,42,47,56,55,50,0,0,0,32,0,0]} 1. Nf3 Nf6 2. c4 e6 3. g3 d5 4. Bg2 dxc4 5. Qa4+ Bd7 6. Qxc4 {A13: English Opening: 1...e6.} c5 7. Ne5 Qc8 8. Qd3 Nc6 9. Nxd7 Nxd7 10. Nc3 Be7 11. Qb5 a6 12. Qa4 Nd4 {[#]} 13. e3 $146 ({Predecessor:} 13. O-O O-O 14. d3 Nb6 15. Qd1 Rd8 16. Bd2 Qd7 17. Rc1 Rac8 18. b3 h6 19. Kh1 {1-0 (33) Aronian,L (2797)-Sethuraman,S (2646) Caleta 2018}) 13... Nf5 14. O-O O-O 15. d3 Rd8 16. Rd1 Qc7 17. Qc2 Ne5 18. Ne4 Rd7 19. f4 Nc6 20. a3 Qb6 21. Rb1 c4 22. d4 $1 Na5 23. Bd2 Nb3 24. g4 Nfxd4 (24... Nh4 $11 {remains equal.}) 25. exd4 $16 Qxd4+ 26. Kf1 ({Better is} 26. Kh1 $16 Rad8 27. Bf3) 26... Rad8 $1 $11 27. g5 {Hoping for Be1.} Bc5 $1 $36 {[%mdl 2048] [#] ( -> ...Qg1+). White is under pressure.} 28. Ke2 $1 Bb6 29. Qc3 Ba5 30. Qxd4 Nxd4+ 31. Ke1 (31. Kf2 $5 {[%cal Rd2a5]} Bb6 32. Rbc1 $11) 31... Nc2+ 32. Ke2 Nd4+ $1 33. Ke1 (33. Kf2 $5 {[%cal Rd2a5]} Bb6 34. Ke3 $11) 33... Nc2+ {Accuracy: White = 86%, Black = 86%.} 1/2-1/2

[Event "18th Aeroflot Open-A 2020"]
[Site "Moscow"]
[Date "2020.02.27"]
[Round "9.10"]
[White "Zhou, Jianchao"]
[Black "Asadli, Vugar"]
[Result "0-1"]
[WhiteElo "2622"]
[BlackElo "2538"]
[Annotator "TA"]
[PlyCount "77"]
[EventDate "2020.02.19"]
[EventType "swiss"]
[EventCountry "RUS"]
[SourceTitle "playchess.com"]
[Source "ChessBase"]
[SourceQuality "1"]

{[%evp 9,77,4,26,37,34,18,30,24,27,32,16,0,0,0,60,25,37,22,35,21,21,20,28,19,37,37,37,31,40,0,29,32,15,30,27,0,0,0,-5,0,-8,-54,-57,-60,-48,-57,-58,-56,-57,-72,-66,-88,-97,-138,-140,-338,-335,-332,-334,-748,-748,-1032,-1031,-931,-895,-29990,-29990,-29990,-29990,-29996]} 1. d4 Nf6 2. c4 e6 3. Nf3 b6 4. a3 Bb7 5. Bf4 g6 6. Nc3 {E12: Queen's Indian: Unusual White 4th moves, 4 a3, 4 Nc3 Bb7 5 a3 and 4 Nc3 Bb7 .} Bg7 7. Qc2 Nh5 8. Bg5 {White has an edge.} f6 9. Bd2 {Black must now prevent g4.} f5 $1 {[#]} 10. d5 $146 ({Predecessor:} 10. Bg5 Nf6 11. e3 O-O 12. Be2 d6 13. O-O Nbd7 14. Rac1 h6 15. Bh4 Rc8 16. Nd2 {1-0 (41) Deidun,J (2239)-Sladek,V (2080) ICCF email 2006}) 10... O-O 11. Rd1 c5 (11... Qe8 $11) 12. g3 (12. Bg5 $5 {[%cal Rg5d8]} Bf6 13. Bh6 $14) 12... exd5 13. cxd5 Na6 14. Bg2 d6 15. O-O Nc7 16. Rfe1 Qd7 ({Of course not} 16... Nxd5 $6 17. Qb3 $16) 17. e4 fxe4 18. Ng5 Rae8 19. Ngxe4 (19. Bh3 {looks sharper.} Qd8 20. Ngxe4 h6 21. Be3 Kh7 22. Bg2) 19... Bd4 ({Don't blunder} 19... Nxd5 $2 20. Qb3 $18) 20. Be3 Bxe3 21. Rxe3 Ng7 22. b4 (22. g4 $5) 22... Nf5 23. Red3 Ba6 $36 {[%mdl 2048] Black has some pressure.} 24. R3d2 Nd4 25. Rxd4 cxd4 26. Rxd4 Nb5 27. Nxb5 Bxb5 ({Much weaker is} 27... Qxb5 28. Bh3 $14) 28. h4 Qe7 29. Kh2 Rc8 {[%cal Be8c8,Bc8c7,Bc7c2][%mdl 32]} 30. Qb2 Bd7 31. b5 Bf5 32. f4 $2 {This move loses the game for White.} (32. Bh3 $17) 32... Rc7 $19 33. Rb4 Rfc8 34. Nf6+ $2 (34. Qf6 Bxe4 35. Qxe7 Rxe7 36. Bxe4) 34... Kf7 {...Rc2! is the strong threat.} 35. Nxh7 {[#]} Rc2 $1 {[%mdl 512]} 36. Ng5+ Kg8 {( -> ...Qe2!)} 37. Qa1 {[#]} Qe2 $1 {[%csl Gc2][%cal Re2g2][%mdl 512]} 38. Qg1 Rc1 39. Qd4 {Accuracy: White = 58%, Black = 93%.} 0-1

[Event "18th Aeroflot Open-A 2020"]
[Site "Moscow"]
[Date "2020.02.27"]
[Round "9.11"]
[White "Artemiev, Vladislav"]
[Black "Antipov, Mikhail Al."]
[Result "1/2-1/2"]
[WhiteElo "2728"]
[BlackElo "2562"]
[Annotator "TA"]
[PlyCount "77"]
[EventDate "2020.02.19"]
[EventType "swiss"]
[EventCountry "RUS"]
[SourceTitle "playchess.com"]
[Source "ChessBase"]
[SourceQuality "1"]

{[%evp 14,77,20,7,16,8,8,12,9,10,20,0,0,0,0,0,0,0,11,7,6,0,12,0,12,0,2,0,19,4,0,0,0,0,0,0,0,0,0,0,0,0,18,2,2,0,2,2,4,7,5,0,0,0,4,0,0,0,0,0,0,0,0,0,0,0]} 1. c4 g6 2. Nf3 Bg7 3. d4 Nf6 4. g3 c6 5. Bg2 d5 6. Nbd2 O-O 7. O-O a5 $1 {[%mdl 4] is more profitable than 7...Bf5 at the moment. Played by Maxime Vachier Lagrave in January 2020.} 8. b3 {The position is equal.} a4 {D78: Fianchetto Grünfeld: 6 0-0 c6.} 9. Ba3 Re8 10. Re1 Ne4 11. e3 Bg4 {[#]} 12. cxd5 $146 ({Predecessor:} 12. Qc1 Nxd2 13. Nxd2 e5 14. dxe5 Bxe5 15. Bb2 Bxb2 16. Qxb2 {½-½ (28) Laurusas,T (2439)-Malisauskas,V (2431) Vilnius 2016}) 12... cxd5 13. h3 Bxf3 14. Bxf3 axb3 15. axb3 f5 16. Nxe4 fxe4 17. Be2 Nc6 18. Qd2 h5 19. Kg2 h4 20. Bc5 Rc8 21. Bg4 e6 22. gxh4 Ne5 23. dxe5 Rxc5 24. Qb4 Rc7 25. Qd6 Qxd6 26. exd6 Rd7 27. Ra7 Be5 28. Rd1 {[#] Strongly threatening Rxd5!} Rf7 29. h5 Kg7 30. Ra5 Bxd6 31. Rb5 {With the idea Rb6.} Rfe7 32. Rb6 Rd8 33. hxg6 Kxg6 34. Ra1 Kf6 35. Rb5 Ke5 36. Ra7 Rb8 37. Rba5 Ree8 38. Rb5 Re7 39. Rba5 {A rather calm draw. Accuracy: White = 100%, Black = 100%.} 1/2-1/2

[Event "18th Aeroflot Open-A 2020"]
[Site "Moscow"]
[Date "2020.02.27"]
[Round "9.12"]
[White "Sargissian, Gabriel"]
[Black "Sargsyan, Shant"]
[Result "1-0"]
[WhiteElo "2689"]
[BlackElo "2594"]
[Annotator "TA"]
[PlyCount "123"]
[EventDate "2020.02.19"]
[EventType "swiss"]
[EventCountry "RUS"]
[SourceTitle "playchess.com"]
[Source "ChessBase"]
[SourceQuality "1"]

{[%evp 21,123,24,18,0,0,0,52,33,28,0,15,32,22,29,9,10,25,29,122,155,141,126,122,125,127,129,121,128,112,97,122,112,104,108,88,86,89,94,77,0,0,0,0,0,0,0,0,0,370,355,315,147,152,125,110,118,211,107,76,98,89,80,100,83,85,101,96,73,150,146,138,142,141,144,323,310,440,449,437,443,454,460,430,414,528,528,532,537,536,524,524,477,697,697,2288,1974,29971,29969,29988,29989,29989,29988,29987,29988]} 1. d4 Nf6 2. c4 g6 3. Nc3 d5 4. cxd5 Nxd5 5. e4 Nxc3 6. bxc3 Bg7 7. Bc4 c5 8. Ne2 Nc6 9. Be3 O-O 10. O-O Qc7 {10...Bg4 is a critical line. Played by Shakhriyar Mamedyarov in December 2019.} 11. Rc1 b6 12. h4 {D87: Exchange Grünfeld: Classical Line: Variations without ...cxd4.} Bb7 13. h5 Rfd8 {[#]} ({Better is} 13... Rad8 $11) 14. h6 $146 {White is slightly better.} ({Predecessor:} 14. hxg6 hxg6 15. Nf4 Na5 16. Bd5 Bxd5 17. Nxd5 Qb7 18. Bg5 Rxd5 19. exd5 Qxd5 20. Bxe7 {1-0 (38) Shabalov,A (2563)-Flores Rios,M (2529) chess.com INT 2017}) 14... Bf8 15. Qe1 e5 {[%cal Rc5d4]} 16. d5 Na5 17. Bd3 $36 {[%mdl 2048] White fights for an advantage.} c4 18. Bc2 f6 19. f4 Bc5 (19... Bxh6 $11 20. Qh4 Qg7) 20. Bxc5 $16 Qxc5+ 21. Qf2 Qxf2+ 22. Rxf2 Bc8 23. fxe5 fxe5 24. Kh2 $1 Nb7 25. Ng1 {Nf3 is the strong threat.} Nd6 26. Rcf1 $1 Rb8 27. Rf6 $1 Rb7 28. Nf3 Nf7 29. Kg3 Re7 30. Nd2 ({White should play} 30. Ba4 $1 $16) 30... Nxh6 $11 31. Nxc4 Kg7 32. Rc6 Ba6 33. d6 Red7 34. Ba4 $1 Kh8 $2 {[%mdl 8192]} (34... Rb7 $11) 35. Nxe5 $18 Rxd6 36. Rxd6 (36. Rh1 $18) 36... Rxd6 $16 37. Rf8+ $1 Kg7 38. Ra8 Bd3 {[#]} (38... Kf6 $16 39. Nf3 (39. Rxa7 Kxe5 40. Rxa6 Kxe4 $15) 39... Nf7 40. Rxa7 Bc4 41. Rxf7+ {[%mdl 64] Remove Defender} Kxf7) 39. Rxa7+ ({Only move:} 39. Kf4 $1 $18 Rf6+ 40. Ke3) 39... Kf6 40. Nd7+ ({But not} 40. Rxh7 $6 Kxe5 41. Rxh6 Bxe4 $11) 40... Kg5 41. e5 Re6 42. Rb7 Bc4 43. a3 Nf5+ 44. Kf2 b5 (44... Nh6 $142) 45. Bxb5 Bxb5 46. Rxb5 {[%mdl 4096] Endgame KRN-KRN} Ra6 47. Rb3 Ra4 $2 {This move loses the game for Black.} (47... Ne7 $16 48. c4 Rc6) 48. Nc5 $18 Rc4 (48... Rf4+ $142 49. Ke2 Rg4 50. Ne6+ Kh6) 49. Ne6+ Kh6 {[#]} 50. g4 $1 Ne7 (50... Rxg4 51. Rb4) 51. Rb1 {[%cal Rb1h1]} g5 52. Nd4 {And now Rb7 would win.} Rxc3 53. Nf5+ Nxf5 54. gxf5 Rxa3 {KR-KR} 55. Rb8 Ra5 {[#]} 56. Re8 $1 Kg7 (56... Ra7 $142 57. Kg3 Ra3+ 58. Kg2 Re3) 57. f6+ Kf7 58. Re7+ Kf8 59. Kf3 {White mates.} h5 60. Ke4 g4 61. Rh7 g3 62. e6 {Accuracy: White = 86%, Black = 60%.} 1-0

[Event "18th Aeroflot Open-A 2020"]
[Site "Moscow"]
[Date "2020.02.27"]
[Round "9.13"]
[White "Vaibhav, Suri"]
[Black "Maghsoodloo, Parham"]
[Result "1/2-1/2"]
[WhiteElo "2591"]
[BlackElo "2674"]
[Annotator "TA"]
[PlyCount "51"]
[EventDate "2020.02.19"]
[EventType "swiss"]
[EventCountry "RUS"]
[SourceTitle "playchess.com"]
[Source "ChessBase"]
[SourceQuality "1"]

{[%evp 10,51,18,10,10,12,21,13,15,14,9,15,16,0,0,0,0,-2,9,4,10,12,15,15,37,0,0,-4,-21,-32,-7,-8,0,0,0,0,15,13,6,7,12,12,51,36]} 1. e4 e5 2. Nf3 Nc6 3. Bc4 Bc5 4. c3 Nf6 5. d3 d6 6. O-O a5 {C54: Giuoco Piano: 4 c3 Nf6, main lines with 5 d4 and 5 d3.} 7. Re1 O-O 8. h3 h6 {The position is equal.} 9. Nbd2 Be6 10. Bb5 Qb8 11. Bxc6 bxc6 12. d4 exd4 13. cxd4 Bb4 14. a3 Bxd2 $1 15. Nxd2 {[#]} Nd7 $146 ({Predecessor:} 15... Re8 16. b3 d5 17. e5 Nd7 18. Qh5 c5 19. Re3 f5 20. exf6 Bf7 21. Qh4 Rxe3 22. fxe3 {½-½ (43) Giri,A (2797)-Ding,L (2809) Shenzhen 2019}) 16. Nf1 a4 17. Qh5 {With the idea Bxh6!} Qb6 18. Bxh6 {[#] Qg5! is the strong threat.} Qxd4 19. Re3 {Threatens to win with Bxg7!} Qe5 20. Qxe5 dxe5 21. Rg3 Kh7 $1 {[%cal Rh7h6]} 22. Bd2 Nc5 23. Bb4 $36 {[%mdl 2048] White is pushing.} Nxe4 24. Re3 c5 25. Be1 Bd5 26. f3 {Accuracy: White = 95%, Black = 86%.} 1/2-1/2

[Event "18th Aeroflot Open-A 2020"]
[Site "Moscow"]
[Date "2020.02.27"]
[Round "9.14"]
[White "Kovalev, Vladislav"]
[Black "Aryan Chopra"]
[Result "1-0"]
[WhiteElo "2650"]
[BlackElo "2562"]
[Annotator "TA"]
[PlyCount "166"]
[EventDate "2020.02.19"]
[EventType "swiss"]
[EventCountry "RUS"]
[SourceTitle "playchess.com"]
[Source "ChessBase"]
[SourceQuality "1"]

{[%evp 20,166,20,14,10,29,21,21,27,10,12,8,12,12,12,12,4,8,14,0,11,4,14,0,0,0,0,0,0,0,0,0,0,0,0,0,0,0,0,0,12,12,16,0,12,12,12,13,16,4,4,0,7,0,14,0,1,0,0,0,0,0,0,0,0,5,41,20,27,29,33,29,29,31,35,25,46,41,49,33,41,41,41,39,54,59,210,210,227,185,213,213,221,224,222,205,306,321,313,311,272,262,352,349,415,322,313,310,323,305,268,259,12837,12838,12838,12839,12840,12840,12842,12842,12844,12843,12846,12843,12845,12843,12843,0,12845,12845,12845,12842,12842,12843,12843,12843,29974,29975,12851,27999,27991,27991,27992,27992,27993,27993,27994,27994,27995]} 1. e4 e6 2. d4 d5 3. Nd2 c5 4. Ngf3 Nf6 5. exd5 exd5 6. Bb5+ Bd7 7. Bxd7+ Nbxd7 {[%cal Bb8d7,Bd7c5,Bc5e4,Be4d6,Bd6c4][%mdl 32]} 8. O-O Be7 9. dxc5 Nxc5 10. Nb3 Nce4 11. Nfd4 Nd6 {C08: French Tarrasch: 3...c5 4 exd5 exd5 sidelines.} 12. Re1 {12.c3 is the modern continuation.} O-O 13. c3 Re8 {The position is equal.} 14. Qc2 Nc4 15. Bg5 h6 16. Bh4 Qb6 17. f3 Bf8 18. Bf2 Qa6 19. a3 $5 {[%mdl 4] [#] Leaves trodden paths.} Nh5 $146 ({Predecessor:} 19... Qa4 20. Nf5 Nd7 21. Nfd4 Nde5 {½-½ (21) Ponomarev,A (2237)-Peuraniemi,P (2446) ICCF email 2011}) 20. g3 Qg6 21. Qxg6 fxg6 22. Rxe8 Rxe8 23. Ra2 Nf6 24. a4 g5 25. h3 a6 26. Nc1 Ne5 27. b3 Rc8 28. Rc2 g6 29. Kg2 Kf7 30. Nde2 Ba3 31. Be3 Bc5 (31... Bf8 {with more complications.} 32. Rd2 Re8 33. Bd4 Bd6 34. Be3 Ba3) 32. Bxc5 Rxc5 33. Rd2 Ke7 34. Rd1 Kd6 35. Na2 Nc6 36. Nac1 Ne5 37. Na2 Nc6 38. Nec1 Ne5 39. Kf2 a5 40. Ne2 b5 41. axb5 Rxb5 42. Nd4 Rc5 43. Nc1 Kd7 44. Nce2 Nc6 45. Nxc6 Kxc6 $14 {[%mdl 4096] Endgame KRN-KRN} 46. Ke3 Kd6 47. Kd2 Rc8 48. Nd4 h5 49. g4 hxg4 50. hxg4 Nd7 $1 51. Ra1 Ra8 52. Re1 {And now Re6+ would win.} Nf8 $2 {Black is now going downhill.} ({Better is} 52... Nc5 $14) 53. Kc2 Rb8 54. Re2 Ra8 55. Kb2 Rb8 56. Ka3 Rc8 57. Re3 Kd7 (57... Kc5 {might work better.} 58. Re5 a4 59. bxa4 Kc4 60. Rxg5 Re8) 58. Ka4 $18 Rc5 59. Re5 Rxc3 60. Rxd5+ Ke8 61. Kxa5 ({Less strong is} 61. Rxa5 Nd7 $16) ({Not} 61. Rxg5 Rd3 $18) 61... Rd3 62. Kb4 Nd7 63. Kc4 Re3 {Threatening ...Nb6+.} 64. Rxg5 Ne5+ {[#]} 65. Kd5 $1 Nxf3 $2 (65... Nd3 66. Kd6 Re7) 66. Nxf3 Rxf3 {KR-KR} 67. b4 Rf6 68. Kc5 Kd7 69. b5 Kc7 70. Re5 Rf4 71. g5 Rf7 72. Kb4 Rf4+ 73. Kc5 Rf7 74. Rd5 Re7 75. Kb4 Re4+ {[#]} 76. Ka5 $1 Re6 {[#]} 77. b6+ $1 {[%mdl 512]} Rxb6 78. Rc5+ Kb7 79. Rb5 Rxb5+ {White mates.} 80. Kxb5 Kc7 81. Kc5 Kd7 82. Kd5 Ke7 83. Ke5 Kf7 {Accuracy: White = 97%, Black = 78%.} 1-0

[Event "18th Aeroflot Open-A 2020"]
[Site "Moscow"]
[Date "2020.02.27"]
[Round "9.15"]
[White "Riazantsev, Alexander"]
[Black "Sychev, Klementy"]
[Result "1-0"]
[WhiteElo "2639"]
[BlackElo "2563"]
[Annotator "TA"]
[PlyCount "83"]
[EventDate "2020.02.19"]
[EventType "swiss"]
[EventCountry "RUS"]
[SourceTitle "playchess.com"]
[Source "ChessBase"]
[SourceQuality "1"]

{[%evp 13,83,0,0,-17,0,-37,14,17,30,21,45,25,22,20,35,35,20,27,12,6,11,2,22,28,33,46,82,76,170,169,184,183,166,169,320,312,248,130,136,132,129,117,110,66,64,57,293,293,275,281,261,252,358,357,357,357,349,311,403,406,545,535,618,618,608,339,378,0,610,605,529,514]} 1. d4 d5 2. Nf3 Nf6 3. c4 e6 4. Nc3 Bb4 5. e3 O-O 6. Bd2 b6 7. cxd5 exd5 8. Bb5 $5 {[%mdl 4] [#] Exploring less charted territory. E51: Nimzo-Indian: Rubinstein: 4...0-0 5 Nf3 d5.} Bd6 $146 ({Predecessor:} 8... a6 9. Ba4 Bg4 10. h3 Bh5 11. g4 Bg6 12. Ne5 c5 13. O-O Qd6 14. Rc1 Nbd7 15. Bxd7 Nxd7 16. Nxg6 hxg6 17. dxc5 Bxc5 {0-1 (33) Oliveira,F (2178)-Bernasek,J (2536) Katowice 2014}) 9. O-O Bg4 (9... c6 $15 10. Bd3 Qe7) 10. h3 $11 {The position is equal.} Bh5 11. g4 Bg6 12. Ne5 Bxe5 13. dxe5 Ne4 14. Nxe4 Bxe4 15. f3 Bg6 16. Bc3 c6 17. Ba4 Qc7 18. e4 Rd8 19. exd5 Rxd5 20. Qe1 Na6 (20... Bd3 $16) 21. Bb3 $18 Rdd8 22. f4 $1 {[%cal Rf4f5]} Bd3 23. e6 fxe6 $2 (23... c5) 24. Qxe6+ Kh8 {Hoping for ...Nc5.} 25. Rae1 ({White has to play} 25. Rfe1 $1 $18 Qxf4 26. Re3) 25... Bxf1 $16 {[#]} 26. Qe7 $1 {[%csl Ge7][%cal Rc3g7]} Rg8 (26... Qxe7 $2 27. Rxe7 Rg8 28. Bxg8) 27. Bxg8 $40 {[%mdl 128] Black is in trouble.} Kxg8 28. Qxc7 Nxc7 29. Re7 $1 {[%cal Re7g7]} Nb5 $2 ({Avoid the trap} 29... Nd5 $2 30. Rxg7+ Kf8 31. Rxh7 $18 (31. Kxf1 Nxc3 32. Rxh7 Kg8 $15)) (29... Bxh3 $14 30. Rxc7 Re8) 30. Rxg7+ $18 ({Weaker is} 30. Kxf1 Kf8 $11) 30... Kf8 31. Rxh7 {Black must now prevent Rh8+.} Bc4 {[#]} 32. Bg7+ $1 Kg8 (32... Ke7 $142) 33. Rh8+ Kxg7 34. Rxa8 Bxa2 35. h4 Bd5 36. Kf2 c5 37. Rd8 Bf7 38. h5 Kh6 39. Rh8+ Kg7 40. Rd8 $2 (40. Ra8) 40... Kh6 41. Kg3 Nd4 42. Rd6+ {Accuracy: White = 78%, Black = 50%.} 1-0